[Event "Schwarzach A"]
[Site "?"]
[Date "1997.08.29"]
[Round "7.3"]
[White "Beim, Valery"]
[Black "Brumen, Dinko"]
[Result "1-0"]
[WhiteElo "2535"]
[BlackElo "2365"]
[PlyCount "51"]
[EventDate "1996.??.??"]

1. g3 Nf6 2. Bg2 d5 3. d3 e5 4. Nf3 Nc6 5. O-O Be7 6. c3 O-O 7. Nbd2 Be6 8. e4
a5 9. exd5 Bxd5 10. Re1 Nd7 11. Nf1 Re8 12. Ne3 Be6 13. d4 exd4 14. Nxd4 Nxd4
15. cxd4 c6 {} 16. d5 cxd5 17. Nxd5 Bb4 18. Nxb4 axb4 19. Be3 Nb8 20. Qxd8
Rxd8 21. Bxb7 Ra4 22. b3 Ra3 23. Rad1 Rd7 24. Bc8 Rd5 25. Rxd5 Bxd5 26. Rc1 1-0

[Event "Schwarzach A"]
[Site "?"]
[Date "1997.08.29"]
[Round "7.5"]
[White "Hardicsay, Peter"]
[Black "Hresc, Vladimir"]
[Result "0-1"]
[WhiteElo "2355"]
[BlackElo "2425"]
[PlyCount "156"]
[EventDate "1996.??.??"]

1. e4 e5 2. Nf3 Nc6 3. Bb5 Nf6 4. O-O Nxe4 5. d4 Nd6 6. Bxc6 dxc6 7. dxe5 Nf5
8. Qxd8+ Kxd8 9. Nc3 h6 10. b3 Be6 11. Bb2 b6 12. Ne2 Bd5 13. Nd2 g5 14. c4 Be6
15. Ne4 Be7 16. Rad1+ Kc8 17. Nd6+ Bxd6 18. exd6 Rd8 19. dxc7 Kxc7 20. Be5+ Kb7
21. Nc3 Re8 22. Bf6 c5 23. h3 Rg8 24. g4 Ng7 25. Rfe1 Ne8 26. Be5 a6 27. a4 Kc6
28. f3 Ra7 29. Kg2 Rd7 30. Rxd7 Kxd7 31. Rd1+ Kc6 32. Ne4 Rg6 33. Kf2 Bd7 34.
Bb2 f5 35. Ng3 Nd6 36. Be5 f4 37. Ne2 Re6 38. Bg7 Ne8 39. Bc3 Re3 40. Rb1 Kc7
41. Bd2 Rd3 42. Rb2 Bc6 43. Ng1 Ng7 44. Ke2 Rd7 45. Bc3 Ne6 46. Be5+ Kb7 47.
Rd2 Nd4+ 48. Bxd4 cxd4 49. Rd3 b5 50. axb5 axb5 51. Kd2 Kb6 52. h4 Kc5 53. hxg5
hxg5 54. Nh3 {} 54... bxc4 55. bxc4 Kxc4 56. Ra3 Rg7 57. Ra5 Bxf3 58. Nxg5 Bd5
59. Ra4+ Kc5 60. Ra5+ Kd6 61. Nh3 Rxg4 62. Kd3 Ke5 63. Nf2 Rg3+ 64. Kd2 Rg2 65.
Kd3 Rg3+ 66. Kd2 Kd6 67. Ra6+ Ke5 68. Ra5 Rg2 69. Kd3 f3 70. Rb5 Rxf2 71. Rxd5+
Kf4 72. Rxd4+ Kg3 73. Rd8 Ra2 74. Ke3 Ra3+ 75. Kd2 f2 76. Rg8+ Kf3 77. Rf8+ Kg2
78. Rg8+ Rg3 0-1

[Event "Schwarzach A"]
[Site "?"]
[Date "1997.08.29"]
[Round "7.6"]
[White "Kniest, Oliver"]
[Black "Hecht, Hans Joachim"]
[Result "0-1"]
[WhiteElo "2240"]
[BlackElo "2405"]
[PlyCount "108"]
[EventDate "1996.??.??"]

1. d4 Nf6 2. c4 e6 3. Nc3 Bb4 4. Qc2 d6 5. Nf3 Nbd7 6. e3 b6 7. Bd2 Bb7 8. Bd3
Qe7 9. Ne4 Bxd2+ 10. Nfxd2 O-O 11. O-O c5 12. Rad1 cxd4 13. exd4 d5 14. Nxf6+
Nxf6 15. b3 Rac8 16. Rfe1 Rfd8 17. Nf1 g6 18. Qb2 Nh5 19. Ne3 Nf6 20. Bf1 Kg7
21. g3 h5 22. h4 Bc6 23. Bg2 Qb7 24. Rc1 Kg8 25. Red1 dxc4 26. bxc4 Bxg2 27.
Nxg2 Qf3 28. Qb3 Qe4 29. Qe3 Rd7 30. Rd2 Rcd8 31. Rcd1 Qxe3 32. Nxe3 {} 32...
e5 33. d5 Ne4 34. Rc2 f5 35. Kg2 Rc8 36. Kf3 Nd6 37. Rdc1 Rdc7 38. Ke2 Kf7 39.
Kd3 Kf6 40. f3 Rc5 41. Nf1 b5 42. cxb5 Rxd5+ 43. Ke3 Rxc2 44. Rxc2 Rxb5 45. Rc6
Rb6 46. Rc2 Ra6 47. Nd2 Ra3+ 48. Nb3 f4+ 49. gxf4 Nf5+ 50. Kf2 exf4 51. Rc6+
Kg7 52. Rc4 Rxa2+ 53. Kg1 Nxh4 54. Rxf4 g5 0-1

[Event "Schwarzach A"]
[Site "?"]
[Date "1997.08.29"]
[Round "7.7"]
[White "Burmakin, Vladimir"]
[Black "Neckar, Lubomir"]
[Result "1-0"]
[WhiteElo "2550"]
[BlackElo "2360"]
[PlyCount "32"]
[EventDate "1996.??.??"]

1. d4 d5 2. c4 e6 3. Nc3 Be7 4. Nf3 Nf6 5. Bg5 h6 6. Bh4 O-O 7. e3 b6 8. Bd3
Bb7 9. O-O Nbd7 10. Bg3 c5 11. cxd5 exd5 12. Rc1 Ne4 13. Bf4 Rc8 14. dxc5 Ndxc5
15. Be5 Nxd3 16. Qxd3 Nxc3 {} 1-0

[Event "Schwarzach A"]
[Site "?"]
[Date "1997.08.29"]
[Round "7.8"]
[White "Podlesnik, Bogdan"]
[Black "Groetz, Harald"]
[Result "1-0"]
[WhiteElo "2425"]
[BlackElo "2248"]
[PlyCount "47"]
[EventDate "1996.??.??"]

1. e4 c5 2. Nc3 Nc6 3. Nf3 d6 4. d4 cxd4 5. Nxd4 Nf6 6. f4 e6 7. Be3 Be7 8. Qf3
e5 9. Nxc6 bxc6 10. f5 O-O 11. O-O-O Nd7 12. g4 a5 13. Rg1 Re8 14. g5 Ba6 15.
f6 Bf8 16. fxg7 Kxg7 17. Bxa6 Rxa6 18. Rgf1 f6 19. Qh5 Re6 20. Rg1 Kh8 {} 21.
g6 Qe7 22. Rg3 Nc5 23. Bxc5 dxc5 24. Rd8 1-0

[Event "Schwarzach A"]
[Site "?"]
[Date "1997.08.29"]
[Round "7.9"]
[White "Severgin, Valentin"]
[Black "Mojzis, Jaroslav"]
[Result "1-0"]
[WhiteElo "2260"]
[BlackElo "2215"]
[PlyCount "73"]
[EventDate "1996.??.??"]

1. e4 e5 2. Nf3 Nc6 3. Bc4 Nf6 4. d3 Be7 5. c3 d6 6. Nbd2 a6 7. Bb3 Nd7 8. d4
Bf6 9. Nf1 O-O 10. Ng3 Nb6 11. d5 Nb8 12. O-O c6 13. c4 cxd5 14. cxd5 a5 15.
Bd2 a4 16. Bc2 Bd7 17. Bb4 Bb5 18. Bd3 Bxd3 19. Qxd3 Qd7 20. Nf5 Nc8 21. Rac1
Na6 22. Ba3 Bd8 {} 23. Rxc8 Qxc8 24. Bxd6 Re8 25. Nxe5 Bf6 26. Qg3 g6 27. Nh6+
Kg7 28. Nhxf7 Qc2 29. Qf4 Qxb2 30. Ng4 Qd4 31. Qh6+ Kxf7 32. Qxh7+ Bg7 33. Nh6+
Kf6 34. e5+ Rxe5 35. Bxe5+ Kxe5 36. Qxg7+ Kxd5 37. Qxb7+ 1-0

[Event "Schwarzach A"]
[Site "?"]
[Date "1997.08.29"]
[Round "7.10"]
[White "Shaked, Tal"]
[Black "Vigh, Bela"]
[Result "1-0"]
[WhiteElo "2500"]
[BlackElo "2395"]
[PlyCount "49"]
[EventDate "1996.??.??"]

1. d4 d5 2. c4 e6 3. Nc3 c6 4. e3 f5 5. g4 fxg4 6. Qxg4 Nf6 7. Qg2 Bb4 8. Bd2
O-O 9. Nf3 Qe7 10. Rg1 Nbd7 11. Bd3 Bd6 12. O-O-O Kh8 13. Ng5 dxc4 14. Bxc4 e5
15. Nce4 Bb8 16. Ne6 Rg8 17. N4g5 Nd5 18. Bxd5 cxd5 19. Qxd5 h6 {} 20. Nd8
Rxd8 21. Nf7+ Kh7 22. Rxg7+ Kxg7 23. Rg1+ Kf6 24. Qf3+ Ke6 25. d5# 1-0

[Event "Schwarzach A"]
[Site "?"]
[Date "1997.08.29"]
[Round "7.11"]
[White "Wimmer, Alfred"]
[Black "Staller, Peter"]
[Result "1/2-1/2"]
[WhiteElo "2070"]
[BlackElo "2345"]
[PlyCount "55"]
[EventDate "1996.??.??"]

1. Nc3 Nf6 2. e4 d6 3. d4 g6 4. Nf3 Bg7 5. Be3 c6 6. Qd2 Qa5 7. a3 h6 8. h3
Nbd7 9. Be2 e5 10. b4 Qc7 11. dxe5 dxe5 12. Bc4 Nb6 13. Bb3 Be6 14. Bxe6 fxe6
15. Qe2 O-O 16. O-O Rad8 17. Rad1 Nh5 18. Rxd8 Rxd8 19. g3 Kh7 20. Rd1 Rxd1+
21. Nxd1 Nf6 22. Nd2 Qd8 23. c4 Nc8 24. Nc3 Nh5 25. Ndb1 b6 26. c5 b5 27. Qd2
Qc7 28. Kg2 1/2-1/2

[Event "Schwarzach A"]
[Site "?"]
[Date "1997.08.29"]
[Round "7.12"]
[White "Mandekic, Ivan"]
[Black "Peschel, Andreas"]
[Result "1-0"]
[WhiteElo "2270"]
[BlackElo "2105"]
[PlyCount "129"]
[EventDate "1996.??.??"]

1. e4 c5 2. Nf3 d6 3. c3 Nf6 4. h3 Qa5 5. Bd3 b5 6. O-O g6 7. Re1 Bg7 8. e5
dxe5 9. Nxe5 Bb7 10. Qe2 O-O 11. Bxb5 Ne4 12. Bd3 Nd6 13. Nc4 Nxc4 14. Bxc4 Nc6
15. d3 Ne5 16. Na3 Rfe8 17. Bf4 Nc6 18. Nb5 Rec8 19. Bg5 a6 {} 20. Bxf7+ Kxf7
21. Qe6+ Kf8 22. Bxe7+ Nxe7 23. Qxe7+ Kg8 24. Nd6 Bd5 25. Qg5 Bc6 26. Qg4 Rc7
27. Re3 Bf6 28. Qf4 Rf8 29. Nc4 Bxc3 30. Nxa5 Rxf4 31. bxc3 Bb5 32. c4 Ba4 33.
Nb3 Rf6 34. Rc1 Rd6 35. Kf1 Kf7 36. Ke2 Bxb3 37. axb3 Rb6 38. Ra1 Rxb3 39. Rxa6
Rb2+ 40. Kf3 Kg7 41. Kg3 Rd2 42. Rd6 Rf7 43. Rf3 Ra7 44. Rd5 Ra5 45. Rd7+ Kg8
46. Re3 Kf8 47. Rxh7 Ra3 48. Rd7 Rc3 49. Rd5 Kf7 50. Rxc5 Rcxd3 51. Rxd3 Rxd3+
52. f3 Rc3 53. Kg4 Rc2 54. g3 Rc3 55. h4 Kg7 56. Kf4 Kh7 57. g4 Kg7 58. Kg5
Rxf3 59. Rc7+ Kh8 60. Kxg6 Rf8 61. g5 Ra8 62. c5 Rd8 63. c6 Rg8+ 64. Kh6 Rf8
65. Rd7 1-0

[Event "Schwarzach A"]
[Site "?"]
[Date "1997.08.29"]
[Round "7.13"]
[White "Doric, Nenad"]
[Black "Joppien, Arne"]
[Result "1-0"]
[WhiteElo "2250"]
[BlackElo "2100"]
[PlyCount "127"]
[EventDate "1996.??.??"]

1. e4 c6 2. d4 d5 3. exd5 cxd5 4. c4 Nf6 5. Nc3 e6 6. Nf3 Be7 7. cxd5 Nxd5 8.
Bd3 O-O 9. O-O Nc6 10. Re1 Bf6 11. Be4 a6 12. a3 Qd6 13. Qd3 h6 14. Bxd5 exd5
15. h3 b5 16. Ne2 Ne7 17. Bf4 Qb6 18. Ng3 Be6 19. Be5 Bxe5 20. Nxe5 Rac8 21.
Rac1 Nc6 22. Nxc6 Rxc6 23. Rxc6 Qxc6 24. Ne2 Qc4 25. Qd2 Qc7 26. Rc1 Qb6 27.
Rc5 Rd8 28. Qc3 Rd6 29. Nf4 Qb7 30. Rc7 Qb6 31. Qc5 a5 32. Qxb6 Rxb6 33. Rc5 a4
34. Nd3 Kf8 35. Kf1 Ke7 36. Ke1 g5 37. Kd2 Kd6 38. Kc3 f6 39. Nb4 h5 40. Na2
Rb8 41. Kb4 Bd7 42. Nc3 Bc6 {} 43. Nxb5+ Bxb5 44. Rxb5 Ra8 45. Rb6+ Ke7 46. b3
axb3 47. Kxb3 Rc8 48. a4 Rc4 49. a5 Rxd4 50. a6 Rd3+ 51. Kb4 Rd2 52. Ka3 Rd3+
53. Rb3 Rd1 54. Kb4 Rc1 55. a7 Rc8 56. Ra3 Ra8 57. Kc5 Kd7 58. Kxd5 Kc7 59. Ke6
g4 60. hxg4 hxg4 61. Kxf6 Kb7 62. f4 gxf3 63. gxf3 Kc6 64. Ke7 1-0

[Event "Schwarzach A"]
[Site "?"]
[Date "1997.08.29"]
[Round "7.14"]
[White "Benend, Andreas"]
[Black "Riemelmoser, Oliver"]
[Result "1-0"]
[WhiteElo "2042"]
[BlackElo "2230"]
[PlyCount "29"]
[EventDate "1996.??.??"]

1. g4 d5 2. h3 Nf6 3. Bg2 h5 4. g5 Ne4 5. d3 Nc5 6. c4 d4 7. b4 Ne6 8. g6 fxg6
{} 9. Be4 Kf7 10. Nf3 Nd7 11. Rg1 g5 12. Bd5 Nb6 13. Nxg5+ Kf6 14. e4 Nxd5 15.
Qf3+ 1-0

[Event "Schwarzach A"]
[Site "?"]
[Date "1997.08.29"]
[Round "7.15"]
[White "Hertel, Peter"]
[Black "Kjeld, Matthias"]
[Result "0-1"]
[WhiteElo "2300"]
[BlackElo "2100"]
[PlyCount "68"]
[EventDate "1996.??.??"]

1. e4 c5 2. Nf3 d6 3. d4 cxd4 4. Nxd4 Nf6 5. Nc3 g6 6. g3 Bg7 7. Bg2 O-O 8. O-O
a6 9. a4 Qc7 10. h3 Nc6 11. Nde2 Bd7 12. Be3 Na5 13. b3 Rac8 14. Ra2 Nc6 15.
Ra1 b6 16. Na2 e6 17. Qd3 b5 18. axb5 axb5 19. Rfd1 d5 20. exd5 exd5 21. Qd2
Rfd8 22. Nac3 Ne5 23. f4 b4 24. fxe5 bxc3 {} 25. Nxc3 Qxc3 26. exf6 Bxf6 27.
Qxc3 Bxc3 28. Rxd5 Be6 29. Rxd8+ Rxd8 30. g4 Be5 31. Be4 Rc8 32. c4 Rb8 33. Rb1
f5 34. gxf5 gxf5 0-1

[Event "Schwarzach A"]
[Site "?"]
[Date "1997.08.29"]
[Round "7.16"]
[White "Burger, Andreas"]
[Black "Moeschinger, Markus"]
[Result "1-0"]
[WhiteElo "2075"]
[BlackElo "2255"]
[PlyCount "75"]
[EventDate "1996.??.??"]

1. e4 e5 2. Nf3 Nf6 3. Nxe5 d6 4. Nxf7 Kxf7 5. d4 Qe8 6. Nc3 g6 7. Bd3 Bg7 8.
O-O Rf8 9. f4 Kg8 10. e5 Ng4 11. Bc4+ Kh8 12. Ne4 Qc6 13. Bd3 dxe5 14. fxe5
Rxf1+ 15. Qxf1 Bf5 16. Ng5 Bxd3 17. Qxd3 Qd7 18. h3 Nh6 19. Be3 Nc6 20. e6 Qe7
21. c3 Rd8 22. Rf1 Kg8 23. g4 Ne5 24. Qe2 Nc6 25. Qb5 Qd6 26. Rf3 b6 27. Qb3
Na5 28. Qc2 c5 29. dxc5 bxc5 30. Qe4 Nc6 31. Bf4 Be5 32. Be3 Bg7 33. Bf4 Ne5
34. Rf2 Rf8 {} 35. Rd2 Nf3+ 36. Qxf3 Qxf4 37. Qxf4 Rxf4 38. e7 1-0

[Event "Schwarzach A"]
[Site "?"]
[Date "1997.08.29"]
[Round "7.17"]
[White "Ljubic, Pero"]
[Black "Martin, Andreas"]
[Result "0-1"]
[WhiteElo "1988"]
[BlackElo "2215"]
[PlyCount "72"]
[EventDate "1996.??.??"]

1. e4 e6 2. d4 d5 3. e5 Qd7 4. Be3 b6 5. f4 g6 6. Nf3 h5 7. Bd3 Ba6 8. c3 Bxd3
9. Qxd3 Nh6 10. Nbd2 Nf5 11. Bf2 Be7 12. O-O-O c5 13. h3 c4 14. Qc2 h4 15. Nf1
Nc6 16. Ne3 Nxe3 17. Bxe3 b5 18. Kd2 b4 19. Ke2 a5 20. Ra1 a4 21. Rhb1 Kf8 22.
Kf2 Kg7 23. Qc1 a3 24. Bd2 axb2 25. Qxb2 Ra4 26. cxb4 Nxb4 27. Ne1 Qa7 28. a3
Ra8 29. Bc1 {} 29... Nd3+ 30. Nxd3 cxd3 31. Ke3 Rxd4 32. Kf3 Re4 33. Qb6 Qa4
34. Qb3 Qd4 35. Qb2 Qg1 36. Bd2 Qh2 0-1

[Event "Schwarzach A"]
[Site "?"]
[Date "1997.08.29"]
[Round "7.18"]
[White "Hlavnicka, Jiri"]
[Black "Lada, Ireneusz"]
[Result "1-0"]
[WhiteElo "2210"]
[BlackElo "2145"]
[PlyCount "107"]
[EventDate "1996.??.??"]

1. d4 d6 2. e4 g6 3. Nc3 Bg7 4. Nf3 Nf6 5. Be2 O-O 6. O-O Nc6 7. Be3 Bg4 8. Qd2
a6 9. Rad1 b5 10. h3 Bxf3 11. Bxf3 e5 12. d5 Ne7 13. g3 Nd7 14. Bg2 f5 15. f4
exf4 16. Bxf4 Be5 17. Ne2 fxe4 18. Bxe4 Nc5 19. Bg2 Bg7 20. Nd4 Bxd4+ 21. Qxd4
Nf5 22. Qd2 Qd7 23. g4 Ng7 24. Qd4 Rae8 25. Rde1 a5 26. Bg5 Rxf1+ 27. Rxf1 Re5
28. Qf4 Qe8 29. Bf6 Re1 30. Qd4 Rxf1+ 31. Bxf1 Qf7 {} 32. Bxb5 Ne8 33. Bh4 Nd7
34. Bxd7 Qxd7 35. Qe3 Ng7 36. Bf6 a4 37. Bd4 h5 38. Qe4 hxg4 39. hxg4 Kh7 40.
Qh1+ Kg8 41. Qe4 Qf7 42. Kg2 Ne8 43. Bc3 Nf6 44. Bxf6 Qxf6 45. c3 Kh7 46. Qxa4
Qe5 47. Qd7+ Kh6 48. Qe6 Qf4 49. Qe2 Kg5 50. c4 Qd4 51. Kh3 Kf4 52. a4 g5 53.
Kg2 Qh8 54. Qf3+ 1-0

[Event "Schwarzach A"]
[Site "?"]
[Date "1997.08.30"]
[Round "8.1"]
[White "Hresc, Vladimir"]
[Black "Klovans, Janis"]
[Result "1/2-1/2"]
[WhiteElo "2425"]
[BlackElo "2465"]
[PlyCount "31"]
[EventDate "1996.??.??"]

1. e4 e5 2. Nf3 Nc6 3. Bb5 a6 4. Ba4 d6 5. c3 Nf6 6. O-O Bd7 7. Re1 g6 8. d4
Bg7 9. d5 Nb8 10. c4 O-O 11. Nc3 Bc8 12. b4 a5 13. a3 Na6 14. Rb1 axb4 15. axb4
Nh5 16. Nd2 1/2-1/2

[Event "Schwarzach A"]
[Site "?"]
[Date "1997.08.30"]
[Round "8.2"]
[White "Beim, Valery"]
[Black "Piven, Igor"]
[Result "1-0"]
[WhiteElo "2535"]
[BlackElo "2367"]
[PlyCount "105"]
[EventDate "1996.??.??"]

1. c4 c5 2. Nf3 b6 3. d4 cxd4 4. Nxd4 Bb7 5. Nc3 Nf6 6. f3 d6 7. e4 Nbd7 8. Be2
e6 9. Be3 a6 10. O-O Be7 11. a4 O-O 12. a5 Qc7 13. Nb3 Rfb8 14. Qd2 Bc8 15. Kh1
Nc5 16. axb6 Rxb6 17. Nxc5 dxc5 18. Bf4 Qc6 19. e5 Nd7 20. Bd1 Nf8 21. b3 Qd7
22. Qxd7 Bxd7 23. Bc2 Bc6 24. Rfd1 Rbb8 25. Ra3 Ng6 26. Bg3 Rd8 27. Rxd8+ Bxd8
28. Be4 Bxe4 29. Nxe4 Be7 30. Kg1 Nf8 31. Kf1 Nd7 32. Ke2 Kf8 33. f4 f5 34.
exf6 gxf6 35. Nc3 f5 36. Nb5 Bd8 37. Bf2 Kf7 38. Nd6+ Ke7 39. Nb7 Bb6 40. Bh4+
Kf7 41. Nd6+ Kg6 42. b4 h6 43. b5 Bc7 44. Be7 a5 45. Nb7 Kf7 46. Bh4 Bxf4 47.
Rxa5 Rxa5 48. Nxa5 {} 48... Bxh2 49. Nb7 Bc7 50. Nd8+ Bxd8 51. Bxd8 Ke8 52.
Bc7 Nf6 53. b6 1-0

[Event "Schwarzach A"]
[Site "?"]
[Date "1997.08.30"]
[Round "8.3"]
[White "Hecht, Hans Joachim"]
[Black "Zoler, Dan"]
[Result "1-0"]
[WhiteElo "2405"]
[BlackElo "2465"]
[PlyCount "67"]
[EventDate "1996.??.??"]

1. d4 Nf6 2. Nf3 e6 3. c4 Bb4+ 4. Bd2 Bxd2+ 5. Qxd2 O-O 6. Nc3 d5 7. e3 Qe7 8.
Rd1 Rd8 9. Qc2 a6 10. e4 dxe4 11. Nxe4 Nc6 12. Nxf6+ Qxf6 13. Qe4 Qg6 14. Bd3
Nb4 15. Qxg6 hxg6 16. Bb1 Bd7 17. Ne5 Nc6 18. Be4 Nxe5 19. dxe5 Ba4 20. b3
Rxd1+ 21. Kxd1 Rd8+ 22. Ke2 Bc6 23. Bxc6 bxc6 24. Rd1 Rxd1 25. Kxd1 g5 26. b4
Kf8 27. Kc2 Ke7 28. Kc3 c5 29. b5 Kd7 30. g4 Kc8 {} 31. bxa6 Kb8 32. Kd3 f6
33. f4 Ka7 34. f5 1-0

[Event "Schwarzach A"]
[Site "?"]
[Date "1997.08.30"]
[Round "8.4"]
[White "Jusic, Zdenko"]
[Black "Burmakin, Vladimir"]
[Result "1-0"]
[WhiteElo "2370"]
[BlackElo "2550"]
[PlyCount "118"]
[EventDate "1996.??.??"]

1. e4 c6 2. d4 d5 3. e5 Bf5 4. Be2 e6 5. Nf3 Nd7 6. O-O Ne7 7. b3 c5 8. Bf4 Nc6
9. c4 dxc4 10. Bxc4 cxd4 11. Nxd4 Nxd4 12. Qxd4 Bc5 13. Qb2 O-O 14. Nc3 Nb6 15.
Be2 Qd4 16. Qc1 Rac8 17. Nb5 Qe4 18. Qd2 Nd5 19. Bg3 a6 20. Bf3 Qd3 21. Qxd3
Bxd3 22. Nd6 {} 22... Bxd6 23. Rfd1 Bc2 24. exd6 Bxd1 25. Rxd1 f6 26. h4 Rc5
27. a3 a5 28. b4 axb4 29. axb4 Rb5 30. Rc1 Rd8 31. Rc4 Rxb4 32. Rc5 Nf4 33. Rc7
Rxd6 34. h5 b6 35. Rc8+ Kf7 36. Rc7+ Kf8 37. h6 gxh6 38. Rxh7 Rd2 39. Rb7 Ne2+
40. Bxe2 Rb1+ 41. Bf1 Rdd1 42. Kh2 Rxf1 43. Bd6+ Kg8 44. Kg3 Rh1 45. Re7 Rb3+
46. f3 Re3 47. Rb7 Re2 48. Be7 Kf7 49. Bc5+ Kg6 50. Rxb6 h5 51. Rb4 Rc1 52. Bf8
Rcc2 53. Rb7 Rxg2+ 54. Kf4 e5+ 55. Ke4 Rge2+ 56. Kd5 Kf5 57. Kd6 h4 58. Ke7 h3
59. Kf7 Rc6 1-0

[Event "Schwarzach A"]
[Site "?"]
[Date "1997.08.30"]
[Round "8.5"]
[White "Podlesnik, Bogdan"]
[Black "Shaked, Tal"]
[Result "1/2-1/2"]
[WhiteElo "2425"]
[BlackElo "2500"]
[PlyCount "47"]
[EventDate "1996.??.??"]

1. e4 e6 2. d4 d5 3. Nd2 Nf6 4. e5 Nfd7 5. c3 c5 6. Bd3 Nc6 7. Ne2 Qb6 8. Nf3
cxd4 9. cxd4 f6 10. exf6 Nxf6 11. O-O Bd6 12. Nc3 O-O 13. a3 Bd7 14. b4 Qd8 15.
Re1 Rc8 16. Bb2 Nh5 17. Ne5 Nf4 18. Ne2 Bxe5 19. dxe5 Nxd3 20. Qxd3 Be8 21. Qe3
b6 22. Rac1 Bf7 23. Bd4 Qd7 24. h3 1/2-1/2

[Event "Schwarzach A"]
[Site "?"]
[Date "1997.08.30"]
[Round "8.6"]
[White "Brumen, Dinko"]
[Black "Severgin, Valentin"]
[Result "1-0"]
[WhiteElo "2365"]
[BlackElo "2260"]
[PlyCount "102"]
[EventDate "1996.??.??"]

1. d4 d5 2. Bg5 c6 3. e3 Qb6 4. Qc1 Bf5 5. Nf3 h6 6. Bh4 Nd7 7. Bd3 Bxd3 8.
cxd3 Ngf6 9. O-O e6 10. Nc3 Be7 11. Ne5 Nxe5 12. dxe5 Nd7 13. Bxe7 Kxe7 14. d4
a5 15. f4 g6 16. Qd2 Rag8 17. Rab1 Qb4 18. Qf2 Nb6 19. a3 Qb3 20. Qh4+ g5 21.
Qf2 gxf4 22. Qxf4 Rh7 23. Rf2 Ke8 24. e4 Nc8 25. Qe3 a4 26. exd5 cxd5 27. Rc1
Ne7 28. Qd3 Rhg7 29. Qb5+ Nc6 30. Qxb3 axb3 31. Nb5 Kd7 32. Rc3 Ke7 33. Rxb3
Rb8 34. Rf4 Rg6 35. Rbf3 Rg7 {} 36. Nd6 Nd8 37. Rc3 Kd7 38. Rh3 Rh7 39. Rfh4
Nc6 40. Rxh6 Rxh6 41. Rxh6 Nxd4 42. Rh7 Rg8 43. Rxf7+ Kc6 44. Nxb7 Rg5 45. Nd8+
Kb6 46. Rb7+ Ka6 47. Rb4 Nf3+ 48. Kh1 Nxe5 49. Nxe6 Rf5 50. Rf4 Rh5 51. Rf6 Ka7
1-0

[Event "Schwarzach A"]
[Site "?"]
[Date "1997.08.30"]
[Round "8.7"]
[White "Herndl, Harald"]
[Black "Balinov, Ilija"]
[Result "1/2-1/2"]
[WhiteElo "2365"]
[BlackElo "2560"]
[PlyCount "100"]
[EventDate "1996.??.??"]

1. d4 Nf6 2. c4 g6 3. Nc3 d5 4. Nf3 Bg7 5. Qb3 dxc4 6. Qxc4 O-O 7. e4 a6 8. e5
b5 9. Qb3 Nfd7 10. Be3 c5 11. e6 cxd4 12. Bxd4 Bxd4 13. Nxd4 Nc5 14. exf7+ Rxf7
15. Qd5 Qxd5 16. Nxd5 Nbd7 17. Be2 Bb7 18. Ne3 e5 19. Nf3 Bxf3 20. Bxf3 e4 21.
Be2 Na4 22. Rb1 Ne5 23. O-O Rd7 24. Rfd1 Rad8 25. Kf1 Kg7 26. Ke1 h5 27. Rxd7+
Rxd7 28. b3 Nc3 29. Rb2 Rd6 30. a3 a5 31. b4 a4 32. Rc2 Nd3+ 33. Bxd3 Rxd3 34.
Rd2 Nb1 35. Rxd3 exd3 36. Nd5 Kf7 37. Kd1 g5 38. Kc1 Nxa3 39. Kd2 Ke6 40. Nc3
Nc2 41. Nxb5 Nxb4 42. g3 Kf5 43. Kc3 Ke4 44. Kxb4 d2 45. Nc3+ Kf3 46. Kxa4 Kxf2
47. Kb3 Kg2 48. Kc2 Kxh2 49. Ne4 Kg2 50. Kxd2 Kf3 {} 1/2-1/2

[Event "Schwarzach A"]
[Site "?"]
[Date "1997.08.30"]
[Round "8.8"]
[White "Mandekic, Ivan"]
[Black "Hardicsay, Peter"]
[Result "0-1"]
[WhiteElo "2270"]
[BlackElo "2355"]
[PlyCount "102"]
[EventDate "1996.??.??"]

1. e4 c5 2. Nf3 Nc6 3. Bb5 g6 4. Bxc6 bxc6 5. O-O Bg7 6. Re1 f6 7. c3 Nh6 8. d4
cxd4 9. cxd4 Nf7 10. Nc3 O-O 11. Qc2 d6 12. h3 e5 13. Be3 Qe7 14. Rad1 Bd7 15.
Bc1 Rfe8 16. b3 Rad8 17. Ba3 Bc8 18. Na4 Bb7 19. Nb2 exd4 20. Rxd4 c5 21. Rd2 {
} 21... Bxe4 22. Rde2 Bxc2 23. Rxe7 Rxe7 24. Rxe7 Ra8 25. g4 f5 26. Nc4 Bf8
27. Rc7 fxg4 28. hxg4 Bd1 29. Nh2 Be2 30. Ne3 Bg7 31. Nd5 Ne5 32. g5 a5 33. f4
Nd3 34. f5 gxf5 35. Ne7+ Kh8 36. Nxf5 Be5 37. Nh6 Bh5 38. N2g4 Bd4+ 39. Kh2 Rf8
40. Nf6 Bg6 41. Kg3 Bxf6 42. gxf6 Rxf6 43. Kh4 Be4 44. Ng4 Rg6 45. Re7 Bf5 46.
Ne3 Be6 47. Ra7 d5 48. Rxa5 d4 49. Nc4 Rg4+ 50. Kh3 Nf2+ 51. Kh2 Bd5 0-1

[Event "Schwarzach A"]
[Site "?"]
[Date "1997.08.30"]
[Round "8.9"]
[White "Kniest, Oliver"]
[Black "Doric, Nenad"]
[Result "1/2-1/2"]
[WhiteElo "2240"]
[BlackElo "2250"]
[PlyCount "22"]
[EventDate "1996.??.??"]

1. d4 d5 2. c4 c6 3. Nc3 Nf6 4. cxd5 cxd5 5. Bf4 Nc6 6. e3 Bf5 7. Nf3 e6 8. Bd3
Bxd3 9. Qxd3 Bd6 10. Bxd6 Qxd6 11. O-O O-O 1/2-1/2

[Event "Schwarzach A"]
[Site "?"]
[Date "1997.08.30"]
[Round "8.10"]
[White "Neckar, Lubomir"]
[Black "Benend, Andreas"]
[Result "1-0"]
[WhiteElo "2360"]
[BlackElo "2042"]
[PlyCount "85"]
[EventDate "1996.??.??"]

1. Nf3 Nc6 2. d4 d5 3. g3 Bg4 4. Bg2 Qd7 5. c4 O-O-O 6. cxd5 Qxd5 7. Nc3 Bxf3
8. Bxf3 Qxd4 9. Qb3 e6 10. Bxc6 bxc6 11. O-O Nf6 12. Rd1 Qb6 13. Rxd8+ Kxd8 14.
Qd1+ Kc8 15. Be3 Qa5 16. Qd4 Kb7 17. b4 Qa3 18. Rb1 Nd5 19. Rb3 Nxc3 20. Rxc3
Qa4 21. Qd7 Bd6 22. Rd3 Be5 23. a3 Qc2 24. Rd2 Qb1+ 25. Rd1 Qb3 26. Rd3 Qc2 27.
b5 Qb1+ 28. Kg2 cxb5 29. Qxf7 Qa2 30. Qf3+ Kb8 31. Qe4 Bd6 32. Bd4 Qc4 33. Qe3
e5 34. Bxa7+ Kb7 35. f3 e4 36. Rc3 Qd5 37. fxe4 Qf7 38. Bd4 Rf8 39. Rc1 Qe7 40.
Rb1 c6 41. a4 b4 42. e5 Bc7 43. Bc5 {} 1-0

[Event "Schwarzach A"]
[Site "?"]
[Date "1997.08.30"]
[Round "8.11"]
[White "Staller, Peter"]
[Black "Kievelitz, Bernd"]
[Result "1-0"]
[WhiteElo "2345"]
[BlackElo "2130"]
[PlyCount "119"]
[EventDate "1996.??.??"]

1. Nf3 Nf6 2. d4 e6 3. Bg5 h6 4. Bh4 Be7 5. Nbd2 d5 6. e3 O-O 7. Bd3 Nbd7 8.
O-O Re8 9. c3 c6 10. a4 Qc7 11. Re1 Bd6 12. e4 dxe4 13. Nxe4 Nxe4 14. Bxe4 Nf8
15. Bg3 Bxg3 16. hxg3 Bd7 17. Ne5 f6 18. Nd3 Re7 19. Qb3 Rae8 20. Re2 Kh8 21.
Rae1 e5 22. dxe5 fxe5 23. Nc5 Bc8 24. Bf3 b6 25. Ne4 Be6 26. Qa3 c5 27. b4 Bc4
28. Rd2 cxb4 29. Qxb4 Bg8 30. Nd6 Rb8 31. Nb5 Qc5 32. Qxc5 bxc5 33. Rde2 Bb3 {
} 34. Rxe5 Rxe5 35. Rxe5 a5 36. Rxc5 Bxa4 37. Nd4 Bd7 38. Rxa5 Rc8 39. Ra8 Rxa8
40. Bxa8 Ng6 41. f4 Ne7 42. Kf2 g5 43. c4 Kg7 44. Ke3 Kf6 45. Ke4 Bc8 46. c5 h5
47. c6 h4 48. fxg5+ Kxg5 49. Nf3+ Kg4 50. gxh4 Kg3 51. h5 Kxg2 52. h6 Kg3 53.
Nd4 Kh4 54. h7 Ng6 55. Nf5+ Kg5 56. Ne7 Kh6 57. Nxg6 Kxh7 58. Nf8+ Kg8 59. Nd7
Kf7 60. Bb7 1-0

[Event "Schwarzach A"]
[Site "?"]
[Date "1997.08.30"]
[Round "8.12"]
[White "Groetz, Harald"]
[Black "Burger, Andreas"]
[Result "0-1"]
[WhiteElo "2248"]
[BlackElo "2075"]
[PlyCount "102"]
[EventDate "1996.??.??"]

1. e4 e6 2. d4 d5 3. Nd2 Nf6 4. e5 Nfd7 5. c3 c5 6. Bd3 Nc6 7. Ne2 Be7 8. O-O
cxd4 9. cxd4 f5 10. exf6 Nxf6 11. Nf3 O-O 12. Bg5 Bd6 13. Bh4 e5 14. dxe5 Nxe5
15. Nxe5 Bxe5 16. Qd2 Qd6 17. Bg3 Bd7 18. Rad1 Bxg3 19. hxg3 Bc6 20. Qf4 Qxf4
21. Nxf4 Rfe8 22. Rfe1 Rxe1+ 23. Rxe1 Re8 24. Rxe8+ Nxe8 25. Ne6 Nd6 26. Nd4
Bd7 27. Kf1 h6 28. Ke2 Kf7 29. Kd2 Kf6 30. Bc2 Bb5 31. Nxb5 Nxb5 32. Ke3 Ke6
33. Bd3 Nc7 34. Be2 Ne8 35. Kd4 Kd6 36. Bh5 Nc7 37. f4 Ne6+ 38. Ke3 Kc5 39. Bf7
Nd4 40. g4 Nb5 41. Kd3 a5 42. Be8 Nd6 43. Ba4 {} 43... Nc4 44. Bd7 Nxb2+ 45.
Kc3 Nc4 46. Kd3 b5 47. Be6 a4 48. g3 b4 49. Bd7 a3 50. Kc2 Ne3+ 51. Kc1 Nf1 0-1